000 00482nam a2200193 a 4500
001 1764573856490
003 ACL
005 20251201125702.0
008 251201s2007##################000#0#eng##
020 _a9781420060232
082 0 4 _a624.17
_bJAR
100 1 _aRamon V. Jarquio, P.E.,
_eauthor.
245 1 0 _aStructural Analysis :
260 _bCRC Press,
_c2007.
300 _a240 pages
650 0 _aTechnology & Engineering.
942 _cENGLISH
040 _aACL
_beng
_cACL
999 _c599606
_d599606